| 000 | 00556nam a2200193 a 4500 | ||
|---|---|---|---|
| 005 | 20240924071207.0 | ||
| 008 | 991125s1995 mx 000 0 spa u | ||
| 020 | _a9681647203 | ||
| 035 | _aUPN01000045555 | ||
| 049 | _aCG | ||
| 050 | 4 |
_aPZ7 _bM368 |
|
| 100 | 1 |
_aMcCaughrean, Geraldine, _d1951- _929647 |
|
| 245 | 1 | 0 |
_aPolvo de oro / _cGeraldine McCaughrean ; tr. Joaquín Diez-Canedo F. |
| 260 |
_aMéxico : _bFCE, _c1995. |
||
| 300 |
_a285 p. : _bil. |
||
| 440 | 0 |
_aA la orilla del viento ; _v74 |
|
| 650 | 4 |
_aLiteratura infantil _94445 |
|
| 905 | _aLibro | ||
| 999 |
_c45555 _d45555 |
||